Curso de misiones apostólicas: doctrinas y sermones
Saved in:
| Hovedforfatter: | |
|---|---|
| Format: | Bog |
| Sprog: | spansk |
| Udgivet: |
Barcelona
Librería Religiosa
1884
|
| Udgivelse: | 1a. ed |
| Fag: | |
| Tags: |
Tilføj Tag
Ingen Tags, Vær først til at tagge denne postø!
|
MARC
| LEADER | 00000cam a2200000 a 4500 | ||
|---|---|---|---|
| 001 | UCE9645 | ||
| 003 | CL-VaPUC | ||
| 008 | 151029e18840000sp |||||||||||||||||spa|d | ||
| 082 | 0 | 4 | |a 266 |b GUA |2 21 |
| 100 | |a Gual, Pedro |e author |9 584084 | ||
| 245 | 1 | 0 | |a Curso de misiones apostólicas: doctrinas y sermones |
| 250 | |a 1a. ed | ||
| 300 | |a t | ||
| 942 | |c BK | ||
| 945 | |d 20151029 22:28:00 |a gsalatino | ||
| 260 | |a Barcelona |b Librería Religiosa |c 1884 | ||
| 650 | 7 | |a MISIONES CRISTIANAS |2 CL-VaPUC |9 469982 | |
| 650 | 7 | |a DOCTRINA |2 CL-VaPUC |9 378331 | |
| 650 | 7 | |a SERMONES |2 CL-VaPUC |9 317687 | |
| 583 | |a last modification |c 20151029 22:28:00 |k Rodrigo Vera | ||
| 999 | |c 361290 |d 361288 | ||
| 952 | |0 0 |1 0 |3 erd |4 0 |6 266_000000000000000_GUA_1884 |7 0 |8 P |9 471719 |a BIBTEO |b BIBTES |c TEO_FTES |h t.1 |i 5207657 |o 266 GUA 1884 |p 5207657 |r 2024-01-18 |w 2019-11-24 |y BK |z Catalogado en:20151029 |k ICR | ||
| 952 | |0 0 |1 0 |3 erd |4 0 |6 266_000000000000000_GUA_1884 |7 0 |8 P |9 471720 |a BIBTEO |b BIBTES |c TEO_FTES |h t.2 |i 5207754 |o 266 GUA 1884 |p 5207754 |r 2024-01-18 |w 2019-11-24 |y BK |z Catalogado en:20151029 |k ICR | ||
| 952 | |0 0 |1 0 |3 erd |4 0 |6 266_000000000000000_GUA_1884 |7 0 |8 P |9 471721 |a BIBTEO |b BIBTES |c TEO_FTES |h t.3 |i 5207762 |o 266 GUA 1884 |p 5207762 |r 2024-01-18 |w 2019-11-24 |y BK |z Catalogado en:20151029 |k ICR | ||